| 000 | 00000nam##2200000za#4500 |
| 001 | 9.571707 |
| 003 | CaOODSP |
| 005 | 20211126112845 |
| 007 | cr ||||||||||| |
| 008 | 150406|1999||||xxc|||||o f|0| 0 eng|d |
| 022 | |a1701-9397 |
| 040 | |aCaOODSP|beng |
| 043 | |an-cn--- |
| 086 | 1 |aFB3-2/99-5E-PDF |
| 110 | 2 |aBank of Canada. |
| 245 | 14|aThe quantity of money and monetary policy / |h[electronic resource]|cby David Laidler. |
| 260 | |aOttawa - Ontario : |bBank of Canada |cApril 1999. |
| 300 | |a40p.|breferences |
| 490 | 1 |aBank of Canada working paper|x1701-9397|v99-5 |
| 500 | |a"The relationships among the quantity theory of money, monetarism and policy regimes based on money-growth and inflation targeting are briefly discussed as a prelude to an exposition of alternative views of money's role in the transmission mechanism of monetary policy."--Abstract. |
| 500 | |aThe ISBN (0-662-27690-6) and ISSN (1192-5434) for the print edition have been incorrectly copied in this electronic publication. |
| 520 | 3 |aThe relationships among the quantity theory of money, monetarism and policy regimes based on money-growth and inflation targeting are briefly discussed as a prelude to an exposition of alternative views of money's role in the transmission mechanism of monetary policy.--Abstract |
| 546 | |aRésumé en français. |
| 590 | |a11-20-Supp|b2011-09-29 |
| 690 | 07|aMonetary policy|2gcpds |
| 690 | 07|aCurrency|2gcpds |
| 720 | 1 |aLaidler, David |
| 776 | 0#|tThe quantity of money and monetary policy / |w(CaOODSP)9.614777 |
| 830 | #0|aWorking paper (Bank of Canada)|x1701-9397|v99-5|w(CaOODSP)9.504604 |
| 856 | 40|ahttp://publications.gc.ca|qPDF|s130 KB|uhttps://publications.gc.ca/collections/Collection/FB3-2-99-5E.pdf|y99-5 |